Readings in Welfare Economics (Record no. 34402)

MARC details
000 -LEADER
fixed length control field 00386nam a2200145Ia 4500
008 - FIXED-LENGTH DATA ELEMENTS--GENERAL INFORMATION
fixed length control field 211109s9999||||xx |||||||||||||| ||und||
082 ## - DEWEY DECIMAL CLASSIFICATION NUMBER
Classification number 330
Item number ARR-R
100 ## - MAIN ENTRY--PERSONAL NAME
Personal name Arrow, Kenneth J
245 #0 - TITLE STATEMENT
Title Readings in Welfare Economics
260 ## - PUBLICATION, DISTRIBUTION, ETC.
Name of publisher, distributor, etc. George Allen
Place of publication, distribution, etc. Lodon
Date of publication, distribution, etc. 1969
300 ## - PHYSICAL DESCRIPTION
Extent 702p.
630 ## - SUBJECT ADDED ENTRY--UNIFORM TITLE
General subdivision General Stack
650 ## - SUBJECT ADDED ENTRY--TOPICAL TERM
Topical term or geographic name entry element Welfare Economics
942 ## - ADDED ENTRY ELEMENTS (KOHA)
Koha item type BOOK
650 ## - SUBJECT ADDED ENTRY--TOPICAL TERM
Form subdivision Economics
General subdivision Economics
Holdings
Withdrawn status Lost status Damaged status Not for loan Home library Current library Date acquired Cost, normal purchase price Total Checkouts Full call number Barcode Shelving location Date last seen Price effective from Koha item type
        SB LIBRARY SB LIBRARY 09/11/2021 100.00   330 ARR-R 00035658 GENERAL STACK 09/11/2021 09/11/2021 BOOK

Powered by Koha